| 000 | 00483nam a2200169Ia 4500 | ||
|---|---|---|---|
| 999 |
_c8333 _d8333 |
||
| 003 | OSt | ||
| 005 | 20200128122442.0 | ||
| 008 | 190216s9999||||xx |||||||||||||| ||und|| | ||
| 040 | _coclc | ||
| 082 |
_a346.07 _bCHA/T |
||
| 100 |
_aChawla, R C _91572 |
||
| 245 | 0 |
_aA Text Book Of Business Laws / _cR C Chawla ; K C Garg |
|
| 250 | _a1st ed. | ||
| 260 |
_bKalyani Pub, _c1997. _aLudhiana: |
||
| 300 | _a501p | ||
| 942 |
_cBK _2ddc _h346.07 _iCHA/T _k346.07 _mCHA/T |
||